Normal view
MARC view
- Hans Thacher Clark
Entry Personal Name
001 - CONTROL NUMBER
- control field: 13745
003 - CONTROL NUMBER IDENTIFIER
- control field: NUST
005 - DATE AND TIME OF LATEST TRANSACTION
- control field: 20190228051620.0
008 - FIXED-LENGTH DATA ELEMENTS
- fixed length control field: 190228|| aca||aabn | a|a d
040 ## - CATALOGING SOURCE
- Original cataloging agency: NUST
- Transcribing agency: NUST
100 ## - HEADING--PERSONAL NAME
- Personal name: Hans Thacher Clark
670 ## - SOURCE DATA FOUND
- Source citation: Work cat.: (NUST)17023: Hans Thacher Clark, A handbook of Organic Analysis
